| 000 | nam a22 a 4500 | ||
|---|---|---|---|
| 999 |
_c1805 _d1805 |
||
| 005 | 20170512093308.0 | ||
| 008 | 170512b1986 enk||||| |||| 00| 0 eng d | ||
| 020 | _a0393954854 | ||
| 040 | _aAKMAL | ||
| 082 |
_219 _a339 MAN |
||
| 090 |
_a339 _bMAN |
||
| 100 |
_aMansfield, Edwin. _93560 |
||
| 245 |
_aStudy guide for Principles of macroeconomics, fifth edition / _cEdwin Mansfield. |
||
| 260 |
_aNew York _aLondon _bNorton _cc1986. |
||
| 300 |
_aviii,337p. _bill. _c26cm |
||
| 650 |
_aMacroeconomics _xProblems, exercises, etc. _93731 |
||
| 700 |
_aMansfield, Edwin _93560 |
||
| 942 |
_2ddc _cBOOK |
||